| 000 | 01186nam0a22003251 4500 | ||
|---|---|---|---|
| 001 | v19\rc\1863885 | ||
| 005 | 20251118180206.4 | ||
| 035 | _a(NLR Aleph) 004956675 | ||
| 090 |
_a5939856 _c5939856 |
||
| 100 | _a20080221d1909 u y0rusy50 ca | ||
| 101 | 1 |
_arus _ctur |
|
| 102 | _aRU | ||
| 105 | _ay z ||||| | ||
| 200 | 1 |
_aТурецкая конституция _eОснов. законы Тур. империи _fПер. с тур. С. Хави _gС предисл. пер. и с прил. портр. выдающихся деятелей младотурец. партии |
|
| 210 |
_a[Санкт-Петербург] _cтип. бывш. П.Е. Ознобищева _d1909 |
||
| 215 |
_a32 с. _d18 |
||
| 702 | 1 |
_aХави _bС. _4730 |
|
| 740 | 1 |
_aОсманская империя _f1876 _tКонституция _9773371 _3RU\NLR\AUTH\880553452 |
|
| 801 | 0 |
_aRU _bNLR _gpsbo |
|
| 801 | 0 |
_aRU _bRuMoRGB _2psbo |
|
| 801 | 1 |
_aRU _bProSoft-M _2rusmarc |
|
| 852 |
_aNLR _j34.50.7.1299 |
||
| 899 |
_aRuMoRGB _jU 491/293 |
||
| 899 |
_aRuMoRGB _jФ 1-52/5741 |
||
| 899 | _aБАН | ||
| 899 | _aНБ СПбГУ | ||
| 899 |
_aRuMoRGB _jU 32/158 |
||
| 942 | _cBOOK | ||
| 980 | _aNB | ||